Escal-Vigor : roman /

সংরক্ষণ করুন:
গ্রন্থ-পঞ্জীর বিবরন
প্রধান লেখক: Eekhoud, Georges (লেখক)
অন্যান্য লেখক: Brenner, Jacques
বিন্যাস: গ্রন্থ
ভাষা:ফরাসি
প্রকাশিত: Paris : Persona, c1982
মালা:Collection Memoire
ট্যাগগুলো: ট্যাগ যুক্ত করুন
কোনো ট্যাগ নেই, প্রথমজন হিসাবে ট্যাগ করুন!

MARC

LEADER 00000nam a22000007i 4500
001 IT\ICCU\UBO\2314196
003 ItRI
005 20260115231840.0
008 031010s1982 fr |||||| ||||| |||||c
020 |a 2903669082 
040 |b ita  |c importazione bologna sebina 
041 7 |a fre  |2 ISO-639-2 
100 1 |a Eekhoud, Georges  |0 IT\ICCU\MILV\040714  |4 aut 
245 1 0 |a Escal-Vigor :  |b roman /  |c Georges Eekhoud ; preface de Jacques Brenner. 
260 |a Paris :  |b Persona,  |c c1982 
300 |a 202 p. ;  |c 21 cm. 
700 1 |a Brenner, Jacques  |0 IT\ICCU\SBLV\283819 
830 0 |a Collection Memoire  |0 IT\ICCU\UBO\2307571 
942 |2 ddc  |c BK  |n 0 
952 |0 0  |1 0  |4 0  |6 DOC_843_800000000000000_EEK  |7 0  |9 14181  |a BO  |b BO  |d 2026-01-15  |i 2192  |l 0  |o DOC 843.8 EEK  |p BO2192  |r 2026-01-15 23:18:40  |w 2026-01-15  |x [Sebina 5] [1 v.]  |y BK  |z 1 v. 
999 |c 12235  |d 12235